Women in Britain today / (Rekord nr 49271)
| 000 -ETYKIETA REKORDU | |
|---|---|
| podpole kontrolne o stałej długości | 00850nam a2200253 i 4500 |
| 001 - NUMER KONTROLNY REKORDU | |
| pole kontrolne | bgj |
| 020 ## - MIĘDZYNARODOWY ZNORMALIZOWANY NUMER KSIĄŻKI - ISBN | |
| ISBN | 033515137X |
| 040 ## - ŹRÓDŁO KATALOGOWANIA | |
| Instytucja, która utworzyła rekord | BPK |
| 041 0# - KOD JĘZYKA | |
| Kod języka tekstu | eng |
| 920 ## - Międzynarodowy znormalizowany numer książki – ISBN | |
| ISBN | 0-335-15137-X |
| 008 - POLE O STAŁEJ DŁUGOŚCI - DANE KONTROLNE | |
| podpole kontrolne o stałej długości | s uk f |000 0 eng |
| 245 00 - TYTUŁ/ODPOWIEDZIALNOŚĆ | |
| Tytuł | Women in Britain today / |
| Pozostałe elementy strefy tytułu i oznaczenia odpowiedzialności | edited by Veronica Beechey and Elizabeth Whitelegg. |
| 250 ## - STREFA WYDANIA | |
| Oznaczenie wydania | reprinted. |
| 260 ## - STREFA ADRESU WYDAWNICZEGO | |
| Miejsce wydania | Philadelphia : |
| Nazwa wydawcy/dystrybutora | Open University Press, |
| Data publikacji, dystrybucji/powstania dokumentu | 1992= |
| Nazwa wydawcy/dystrybutora | Milton Keynes. |
| 300 ## - STREFA OPISU FIZYCZNEGO | |
| Objętość | VII, 216 pp : |
| Inne cechy fizyczne | graphs, tables ; |
| Rozmiary | 23 cm. |
| 500 ## - UWAGI OGÓLNE | |
| Tekst uwagi | 1st published in 1986. |
| 505 ## - SFORMALIZOWANA UWAGA DOTYCZĄCA ZAWARTOŚCI | |
| Pełny tekst uwagi | Includes bibliographical references and index. |
| 650 #9 - HASŁO PRZEDMIOTOWE W FORMIE NAZWY OGÓLNEJ LUB JEDNOSTKOWEJ | |
| Nazwa ogólna lub geograficzna | Women |
| Określnik ogólny | Social conditions |
| Określnik geograficzny | Great Britain |
| 650 #9 - HASŁO PRZEDMIOTOWE W FORMIE NAZWY OGÓLNEJ LUB JEDNOSTKOWEJ | |
| Nazwa ogólna lub geograficzna | Women |
| Określnik ogólny | Economic conditions |
| Określnik geograficzny | Great Britain |
| 655 ## - TERMIN INDEKSOWY - OKREŚLENIE RODZAJU/FORMY DOKUMENTU | |
| Określenie rodzaju/formy dokumentu | Addresses, essays, lectures |
| 700 1# - HASŁO DODATKOWE - NAZWA OSOBOWA | |
| Nazwa osobowa | Beechey, Veronica. |
| Określenie związku między hasłem a opisywanym materiałem | co-editor |
| 700 1# - HASŁO DODATKOWE - NAZWA OSOBOWA | |
| Nazwa osobowa | Whitelegg, Elizabeth. |
| Określenie związku między hasłem a opisywanym materiałem | co-editor |
| 856 ## - LOKALIZACJA I DOSTĘP DO ELEKTRONICZNYCH DOKUMENTÓW ZDALNYCH | |
| Link (URL) | http://koha.tu.koszalin.pl/cgi-bin/koha/opac-detail.pl?biblionumber=49271 |
| Tekst linku | Katalog online BPK |
| 942 ## - DODATKOWE ELEMENTY (KOHA) | |
| Typ dokumentu | Książka |
| Wycofany | Status egzemplarza | Uszkodzony | Dostępność | Lokalizacja stała | Lokalizacja bieżąca | Miejsce przechowywania | Sygnatura | Kod kreskowy | Dział | Typ dokumentu |
|---|---|---|---|---|---|---|---|---|---|---|
| Tylko na miejscu | Biblioteka Politechniki Koszalińskiej | Biblioteka Politechniki Koszalińskiej | Czytelnia Wydziałowa ul. Kwiatkowskiego 6e | BR 126 | 09000209 | 94(410) Historia Wielkiej Brytanii | Książka |
